| 000 | 00000nam 2200000zi 4500 |
| 001 | 9.947462 |
| 003 | CaOODSP |
| 005 | 20250128134009 |
| 006 | m o d f |
| 007 | cr mn||||||||| |
| 008 | 250128t19911992oncd ob f000 0 fre d |
| 020 | |z0662977319 |
| 040 | |aCaOODSP|bfre|erda|cCaOODSP |
| 043 | |an-cn--- |
| 086 | 1 |aZ1-1989/1-41-11F-PDF|zZ1-1989/1-41-11F |
| 100 | 1 |aBrenckmann, M, |eauteur. |
| 245 | 12|aL'innovation technique dans le domaine des transports : |bla politique et les méthodes de financement de la R-D / |cpar M. Brenckmann. |
| 264 | 1|a[Ottawa] : |b[Commission royale sur le transport des voyageurs au Canada], |coctobre 1991. |
| 264 | 4|c©1992 |
| 300 | |a1 ressource en ligne (24 pages) : |bgraphique |
| 336 | |atexte|btxt|2rdacontent/fre |
| 337 | |ainformatique|bc|2rdamedia/fre |
| 338 | |aressource en ligne|bcr|2rdacarrier/fre |
| 500 | |aPublié aussi en anglais sous le titre : Technological innovation in transportation R&D funding policy and approach. |
| 500 | |a« Rapport rédigé pour la Division de la recherche, Commission royale sur le transport des voyageurs au Canada. » |
| 500 | |a« RR-11. » |
| 500 | |aÉdition numérisée de l'imprimée [par Direction des publications du gouvernement du Canada]. |
| 504 | |aComprend des références bibliographiques (pages 18-19). |
| 650 | 6|aTransport de voyageurs|xPolitique gouvernementale|zCanada. |
| 650 | 6|aTransport|xInnovations|zCanada|xFinances. |
| 650 | 6|aTransport|xRecherche|zCanada|xFinances. |
| 710 | 1 |aCanada. |bCommission royale sur le transport des voyageurs au Canada. |bDivision de la recherche, |eorganisme de publication. |
| 775 | 08|tTechnological innovation in transportation R&D funding policy and approach / |w(CaOODSP)9.947459 |
| 856 | 40|qPDF|s2.00 Mo|uhttps://publications.gc.ca/collections/collection_2025/bcp-pco/Z1-1989-1-41-11-fra.pdf |